<?xml version="1.0" encoding="UTF-8"?>
<record
    xmlns:xsi="http://www.w3.org/2001/XMLSchema-instance"
    xsi:schemaLocation="http://www.loc.gov/MARC21/slim http://www.loc.gov/standards/marcxml/schema/MARC21slim.xsd"
    xmlns="http://www.loc.gov/MARC21/slim">

  <leader>00590nam a2200193 i 4500</leader>
  <controlfield tag="001">76234</controlfield>
  <controlfield tag="003">ES-MaACL</controlfield>
  <controlfield tag="005">20230906172750.0</controlfield>
  <controlfield tag="007">t|</controlfield>
  <controlfield tag="008">040930s1954    sp           ||||1| spa d</controlfield>
  <datafield tag="100" ind1="1" ind2=" ">
    <subfield code="a">Guerrero Lovillo, Jos&#xE9;.</subfield>
    <subfield code="9">60576</subfield>
  </datafield>
  <datafield tag="245" ind1="1" ind2="3">
    <subfield code="a">La catedral de Sevilla / </subfield>
    <subfield code="c">por Jos&#xE9; Guerrero Lovillo.</subfield>
  </datafield>
  <datafield tag="260" ind1=" " ind2=" ">
    <subfield code="a">Barcelona : </subfield>
    <subfield code="b">Jos&#xE9; M&#xAA; Bosch, </subfield>
    <subfield code="c">1954 (</subfield>
    <subfield code="f">Vda. de Daniel Cochs)</subfield>
  </datafield>
  <datafield tag="300" ind1=" " ind2=" ">
    <subfield code="a">16 p., 48 l&#xE1;m. ; </subfield>
    <subfield code="c">16 cm.</subfield>
  </datafield>
  <datafield tag="490" ind1="1" ind2=" ">
    <subfield code="a">Gu&#xED;as de Arte Bosch</subfield>
  </datafield>
  <datafield tag="830" ind1="0" ind2=" ">
    <subfield code="a">Gu&#xED;as de Arte Bosch</subfield>
    <subfield code="9">231283</subfield>
  </datafield>
  <datafield tag="852" ind1=" " ind2=" ">
    <subfield code="a">ES-MaACL</subfield>
    <subfield code="j">1975-F-8 </subfield>
    <subfield code="b">R.36282</subfield>
  </datafield>
  <datafield tag="999" ind1=" " ind2=" ">
    <subfield code="c">76234</subfield>
    <subfield code="d">76234</subfield>
  </datafield>
  <datafield tag="952" ind1=" " ind2=" ">
    <subfield code="0">0</subfield>
    <subfield code="1">0</subfield>
    <subfield code="4">0</subfield>
    <subfield code="7">0</subfield>
    <subfield code="8">Colecci&#xF3;n_de_folletos</subfield>
    <subfield code="a">ATENEOM</subfield>
    <subfield code="b">ATENEOM</subfield>
    <subfield code="c">DEPOF</subfield>
    <subfield code="d">2008-01-17</subfield>
    <subfield code="e">SC</subfield>
    <subfield code="l">0</subfield>
    <subfield code="o">1975-F-8</subfield>
    <subfield code="p">1079784</subfield>
    <subfield code="r">2023-02-23 00:00:00</subfield>
    <subfield code="w">2023-02-23</subfield>
    <subfield code="y">FOLLETOS</subfield>
  </datafield>
</record>
